| 000 | 00528nam a2200145 4500 | ||
|---|---|---|---|
| 999 |
_c129160 _d129160 |
||
| 005 | 20221022110538.0 | ||
| 008 | 221022b ||||| |||| 00| 0 eng d | ||
| 040 | _cPK-LaUMT | ||
| 082 |
_aAPC 297.4092 _bAKH-M |
||
| 100 | _aAkhtar Ansari Akbarabadi = اختر انصاری اکبرآبادی | ||
| 245 |
_aMufakar i mehran = مفکر مہران / _cby Akhtar Ansari Akbarabadi = اختر انصاری اکبرآبادی |
||
| 260 |
_aHyderabad : _bDirector Mahkama Itla'at, Thandi Sarak, _cNA |
||
| 300 | _a115 p. | ||
| 942 | _cBK | ||